Tratado de las sociedades: sociedades civiles, sociedades comerciales, sociedad anónima, joint venture, asociaciones, sociedades mineras, sociedades de profesionales, cooperativas

Kaydedildi:
Detaylı Bibliyografya
Yazar: Villegas, Carlos Gilberto (Yazar)
Materyal Türü: Kitap
Dil:İspanyolca
Baskı/Yayın Bilgisi: Santiago Jurídica de Chile 1995
Konular:
Etiketler: Etiketle
Etiket eklenmemiş, İlk siz ekleyin!

MARC

LEADER 00000nam a2200000 a 4500
001 UCZ7029
003 CL-VaPUC
008 951222e19950000CL |||||||||||||||||spa|d
082 0 4 |a 346.06  |b VIL  |2 21 
100 |a Villegas, Carlos Gilberto  |e author  |9 569323 
245 1 0 |a Tratado de las sociedades: sociedades civiles, sociedades comerciales, sociedad anónima, joint venture, asociaciones, sociedades mineras, sociedades de profesionales, cooperativas 
300 |a 551 p 
942 |c BK 
945 |d 19951222 00:00:00  |a rleighto 
260 |a Santiago  |b Jurídica de Chile  |c 1995 
650 7 |a SOCIEDADES CIVILES  |2 CL-VaPUC  |9 351741 
650 0 |a Asociaciones gremiales   |9 351742 
650 0 |a Personalidad jurídica   |9 315329 
650 0 |a Administración pública   |9 255343 
650 0 |a Sociedades comerciales   |9 257290 
650 0 |a Sociedades anónimas  |9 255387 
650 7 |a NULIDAD DE SOCIEDADES  |2 CL-VaPUC  |9 351743 
650 0 |a Cooperativas  |9 319869 
583 |a last modification  |c 19951222 00:00:00  |k Rodrigo Vera 
999 |c 243160  |d 243158 
952 |0 0  |1 0  |4 0  |6 346_060000000000000_VIL_1995  |7 0  |8 A  |9 256626  |a BIBDER  |b BIBDER  |d 2019-11-19  |i 3163695  |o 346.06 VIL 1995  |p 3163695  |r 2023-01-25  |w 2019-11-19  |y BK  |k DER 
952 |0 0  |1 0  |4 0  |6 346_060000000000000_VIL_1995  |7 0  |8 A  |9 256627  |a BIBDER  |b BIBDER  |d 2019-11-19  |i 3190749  |l 5  |m 2  |o 346.06 VIL 1995  |p 3190749  |r 2025-04-23  |s 2025-04-23  |w 2019-11-19  |y BK  |k DER